书目信息 |
| 题名: |
水稻病虫害识别与绿色防控图谱
|
|
| 作者: | 彭红 , 朱志刚 主编 | |
| 分册: | ||
| 出版信息: | 郑州 河南科学技术出版社 2021 |
|
| 页数: | 201页 | |
| 开本: | 21cm | |
| 丛书名: | 农作物病虫害识别与绿色防控丛书 | |
| 单 册: | ||
| 中图分类: | S435.11-64 , S435.11 | |
| 科图分类: | ||
| 主题词: | 水稻--病虫害防治--图谱 | |
| 电子资源: | ||
| ISBN: | 978-7-5725-0525-6 | |
| 000 | 01086nam0 2200265 450 | |
| 001 | 2474965379 | |
| 005 | 20240907204943.22 | |
| 010 | @a978-7-5725-0525-6@dCNY38.00 | |
| 100 | @a20211112d2021 em y0chiy50 ea | |
| 101 | 0 | @achi |
| 102 | @aCN@b410000 | |
| 105 | @aa z 000yy | |
| 200 | 1 | @a水稻病虫害识别与绿色防控图谱@Ashui dao bing chong hai shi bie yu lv se fang kong tu pu@f彭红,朱志刚主编 |
| 210 | @a郑州@c河南科学技术出版社@d2021 | |
| 215 | @a201页@d21cm | |
| 225 | 1 | @a农作物病虫害识别与绿色防控丛书 |
| 330 | @a本书以文字说明与原色图谱相结合的方式,针对水稻产量和品质影响较大的36种主要病虫害,详细介绍了每种病虫害的分布区域、形态(症状)特点、发生规律和绿色防控技术以及目前田间常用的植保机械地面机、无人机性能特点,主要技术参数及使用注意事项,提出了水稻主要病虫害绿色防控技术模式。 | |
| 410 | 0 | @12001 @a农作物病虫害识别与绿色防控丛书 |
| 606 | 0 | @a水稻@x病虫害防治@j图谱 |
| 690 | @aS435.11-64@v5 | |
| 690 | @aS435.11@v4 | |
| 701 | 0 | @a彭红@Apeng hong@4主编 |
| 701 | 0 | @a朱志刚@Azhu zhi gang@4主编 |
| 801 | 0 | @aCN@b91MARC@c20211113 |
| 905 | @aZUCC@dS435.11@e393 | |
| 水稻病虫害识别与绿色防控图谱/彭红,朱志刚主编.-郑州:河南科学技术出版社,2021 |
| 201页;21cm.-(农作物病虫害识别与绿色防控丛书) |
| ISBN 978-7-5725-0525-6:CNY38.00 |
| 本书以文字说明与原色图谱相结合的方式,针对水稻产量和品质影响较大的36种主要病虫害,详细介绍了每种病虫害的分布区域、形态(症状)特点、发生规律和绿色防控技术以及目前田间常用的植保机械地面机、无人机性能特点,主要技术参数及使用注意事项,提出了水稻主要病虫害绿色防控技术模式。 |
| ● |
| 相关链接 |
|
|
|
正题名:水稻病虫害识别与绿色防控图谱
索取号:S435.11/393
 
预约/预借
| 序号 | 登录号 | 条形码 | 馆藏地/架位号 | 状态 | 备注 |
| 1 | 2001763747 | 2001763747 | 第四书库/四24架A面6层4列/ [索取号:S435.11/393] | 在馆 | |
| 2 | 2001763748 | 2001763748 | 第四书库/四24架A面6层4列/ [索取号:S435.11/393] | 在馆 | |
| 3 | 2001763749 | 2001763749 | 第四书库/四24架A面6层4列/ [索取号:S435.11/393] | 在馆 | |
| 4 | 2001763750 | 2001763750 | 第四书库/四24架A面6层4列/ [索取号:S435.11/393] | 在馆 | |
| 5 | 2001763751 | 2001763751 | 第四书库/四24架A面6层4列/ [索取号:S435.11/393] | 在馆 | |
| 6 | 2001763752 | 2001763752 | 第四书库/四24架A面6层4列/ [索取号:S435.11/393] | 在馆 |